Представление документа в формате RUSMARC

ПолеНазваниеЗначение
  Тип записи a
  Библиографический уровень a
001 Контрольный номер RU/CBS_Ul/BASE/529438155
005 Дата корректировки 20250122233010.4
100 Данные общей обработки __
a Данные общей обработки 20161010d2016 ||| 0rusy0189 ca
101 Язык документа 0_
a Язык текста rus
102 Страна публикации __
a Страна публикации RU
105 Кодированные данные (монография) __
a Кодированные данные (монография) y###||||000|y
200 Заглавие и сведения об ответственности 1_
a Заглавие "На полюсе он кукурузу не сажал"
b Общее обозначение материала Текст
e Сведения, относящиеся к заглавию [беседа с сыном Никиты Сергеевича Хрущёва С.Н. Хрущёвым по поводу выхода книги воспоминаний "Реформатор"]
f Первые сведения об ответственности В. Цепляев
300 Общие примечания __
a Общие примечания Ограничения по возрасту - 16+
461 Уровень набора _0
1 2000
a Аргументы и факты
463 Уровень физической единицы _0
1 001RU/CBS_Ul/BASE/529344751
1 2000
a № 37 (14 сент.)
v С. 14-15 : фото
1 210
d 2016
600 Персоналии _0
a Персоналии (Фамилия) Хрущёв
b Персоналии (Имя, инициалы) Н.С.
600 Персоналии _0
a Персоналии (Фамилия) Хрущёв
b Персоналии (Имя, инициалы) С.Н.
606 Тематические рубрики 0_
a Основная рубрика Хрущёв, Никита Сергеевич (1894-1971)
610 Ключевые слова 0_
a Ключевые слова история советская
a Ключевые слова деятели исторические
a Ключевые слова советские исторические деятели
a Ключевые слова советские государственные деятели
a Ключевые слова Первые секретари ЦК КПСС
a Ключевые слова Герои Советского Союза
a Ключевые слова Герои Социалистического Труда
686 Индексы других классификаций __
a Классификационный индекс 63.3(2)6-8
2 Код системы ББК
700 Автор _1
a Фамилия Цепляев
b Имя (инициалы) В.
801 Источник записи _0
a Страна RU
b Организация МБУК ЦБС г. Ульяновска
c Дата составления 20161010
g Правила каталогизации RCR
801 Источник записи _1
a Страна RU
b Организация МБУК ЦБС г. Ульяновска
c Дата составления 20161010
g Правила каталогизации RCR
901 Тип документа __
t Тип документа f
w Контрольный № источника RU/CBS_Ul/BASE/529344751
910 Корректоры записи __
a Корректор записи Библиотека 1
938 Служебная информация __
a Имя БД period